000 00849nam a2200265 a 4500
001 32717
003 BD-RjUL
005 20211209051902.0
008 140428s1991 ii b 001 0 eng
020 _a818547513X :
035 _a(BD-RjUL)32807
040 _aDLC
_cDLC
_dDLC
_dBD-RjUL
_beng
041 _aeng
082 0 0 _a305.69710599
_220
_bCHM 1991
100 1 _aChauhan, Rajinder Singh.
_999511
245 1 0 _aMuslims in South East Asia :
_ba study in minority problems /
_cRajinder Singh Chauhan.
260 _aDelhi, India :
_bKanishka Pub. House,
_cc1991.
300 _a231 p. ;
_c23 cm.
504 _aIncludes bibliographical references (p. [208]-226) and index.
650 0 _aMuslims
_zPhilippines.
_999512
651 0 _aPhilippines
_xEthnic relations.
_999513
942 _2ddc
_cBK
999 _c32717
_d32717